000 00403nam a2200133Ia 4500
008 220217s9999||||xx |||||||||||||| ||und||
020 _a81-203-1050-0
082 _a005.1BRO
100 _aBrock, Wirfs, Rebecca Wilkerson, Brian & Wiener, Lauren
245 0 _aDesigning object oriented software
260 _aPrentice hall of india
_bNew Delhi
_c2000
300 _b150
650 _aSOFTWARE DESIGN
999 _c166895
_d166895